The modern law of evidence / (Record no. 641)

MARC details
000 -LEADER
fixed length control field 00920nam a2200289 a 4500
001 - CONTROL NUMBER
control field 2591738
003 - CONTROL NUMBER IDENTIFIER
control field OSt
005 - DATE AND TIME OF LATEST TRANSACTION
control field 20110907151116.0
008 - FIXED-LENGTH DATA ELEMENTS--GENERAL INFORMATION
fixed length control field 961009s1996 enk 001 0 eng c
010 ## - LIBRARY OF CONGRESS CONTROL NUMBER
LC control number 96207441
020 ## - INTERNATIONAL STANDARD BOOK NUMBER
International Standard Book Number 0406081859
040 ## - CATALOGING SOURCE
Original cataloging agency MoSU-L
Transcribing agency MoSU-L
042 ## - AUTHENTICATION CODE
Authentication code pcc
043 ## - GEOGRAPHIC AREA CODE
Geographic area code e-uk---
050 14 - LIBRARY OF CONGRESS CALL NUMBER
Classification number KD7499
Item number .K43 1996
082 ## - DEWEY DECIMAL CLASSIFICATION NUMBER
Classification number 347.06 KEA
100 1# - MAIN ENTRY--PERSONAL NAME
Personal name Keane, Adrian,
Titles and other words associated with a name LL.B.
9 (RLIN) 1852
245 14 - TITLE STATEMENT
Title The modern law of evidence /
Statement of responsibility, etc Adrian Keane.
250 ## - EDITION STATEMENT
Edition statement 4th ed.
260 ## - PUBLICATION, DISTRIBUTION, ETC. (IMPRINT)
Place of publication, distribution, etc London :
Name of publisher, distributor, etc Butterworths ;
Place of publication, distribution, etc Charlottesville, Va. :
Name of publisher, distributor, etc Michie,
Date of publication, distribution, etc 1996.
300 ## - PHYSICAL DESCRIPTION
Extent lxxviii, 628 p. ;
Dimensions 24 cm.
500 ## - GENERAL NOTE
General note Includes index.
650 #0 - SUBJECT ADDED ENTRY--TOPICAL TERM
Topical term or geographic name as entry element Evidence (Law)
Geographic subdivision Great Britain.
9 (RLIN) 1853
906 ## - LOCAL DATA ELEMENT F, LDF (RLIN)
a 7
b cbc
c pccunad
d u
e ncip
f 19
g y-gencatlg
942 ## - ADDED ENTRY ELEMENTS (KOHA)
Source of classification or shelving scheme Dewey Decimal Classification
Koha item type Books
Holdings
Withdrawn status Lost status Source of classification or shelving scheme Damaged status Not for loan Home library Current library Shelving location Date acquired Total Checkouts Full call number Barcode Date last seen Price effective from Koha item type
    Dewey Decimal Classification     Law Development Centre Main Library Law Development Centre Main Library Text Books and Laws 04/26/2011   347.06 KEA 2011/3167 04/26/2011 04/26/2011 Books